Sinh học 7

Sách giới thiệu chung về môn Sinh học Lớp 7, và những bài hướng dẫn cụ thể về thế giới động vật từ những động vật không xương sống đến có xương sống và cả con người. Giúp giáo viên đạt hiệu quả cao trong giảng dạy....

Descripción completa

Guardado en:
Detalles Bibliográficos
Autor principal: Nguyễn, Quang Vinh
Formato: Libro
Lenguaje:Undetermined
Publicado: Hà Nội Giáo dục 2009
Materias:
Etiquetas: Agregar Etiqueta
Sin Etiquetas, Sea el primero en etiquetar este registro!
Thư viện lưu trữ: Trung tâm Học liệu Trường Đại học Cần Thơ
LEADER 01000nam a2200217Ia 4500
001 CTU_159075
008 210402s9999 xx 000 0 und d
020 |c 11400 
082 |a 570.712 
082 |b V312/L.7 
100 |a Nguyễn, Quang Vinh 
245 0 |a Sinh học 7 
245 0 |c Nguyễn Quang Vinh (Tổng chủ biên), Trần Kiên (Chủ biên), Nguyễn Văn Khang 
260 |a Hà Nội 
260 |b Giáo dục 
260 |c 2009 
520 |a Sách giới thiệu chung về môn Sinh học Lớp 7, và những bài hướng dẫn cụ thể về thế giới động vật từ những động vật không xương sống đến có xương sống và cả con người. Giúp giáo viên đạt hiệu quả cao trong giảng dạy. 
650 |a Biology 
650 |x Study and teaching (Secondary) 
904 |i Bé Ba, Bạch Trúc 
980 |a Trung tâm Học liệu Trường Đại học Cần Thơ